|
|
|
|
| LEADER |
00000cam a2200000 a 4500 |
| 001 |
UCG9662 |
| 003 |
CL-VaPUC |
| 008 |
120323e19820000FR |||||||||||||||||fre|d |
| 082 |
0 |
4 |
|a 841
|b JAB
|2 21
|
| 100 |
|
|
|a Jabès, Edmond
|e author
|9 561284
|
| 245 |
1 |
3 |
|a Le petit livre de la subversion hors de soupcon
|
| 300 |
|
|
|a 90 p
|
| 942 |
|
|
|c BK
|
| 945 |
|
|
|d 20120323 00:00:00
|a dcastane
|
| 260 |
|
|
|b Gallimard
|c 1982
|
| 650 |
|
0 |
|a Poesías francesas
|9 265467
|
| 650 |
|
0 |
|a Literatura francesa
|9 266330
|
| 650 |
|
7 |
|a ESCRITORES JUDIOS
|2 CL-VaPUC
|9 559832
|
| 583 |
|
|
|a last modification
|c 20120323 11:52:00
|k Rodrigo Vera
|
| 999 |
|
|
|c 347208
|d 347206
|
| 952 |
|
|
|0 0
|1 0
|4 0
|6 841_000000000000000_JAB_1982
|7 0
|8 A
|9 448384
|a BIBART
|b BIBART
|d 2019-11-22
|i 4807308
|o 841 JAB 1982
|p 4807308
|r 2025-03-13
|w 2019-11-22
|y BK
|k ART
|